Normal view MARC view
  • Bhui,Bikas Chandra & Chatterjee Dipak

Entry Personal Name

Number of records used in: 2

001 - CONTROL NUMBER

  • control field: 4956

003 - CONTROL NUMBER IDENTIFIER

  • control field: OSt

005 - DATE AND TIME OF LATEST TRANSACTION

  • control field: 20190430163941.0

008 - FIXED-LENGTH DATA ELEMENTS

  • fixed length control field: 190430|| aca||aabn | a|a d

040 ## - CATALOGING SOURCE

  • Original cataloging agency: OSt
  • Transcribing agency: OSt

100 ## - HEADING--PERSONAL NAME

  • Personal name: Bhui,Bikas Chandra & Chatterjee Dipak

670 ## - SOURCE DATA FOUND

  • Source citation: Work cat.: (OSt): Bhui,Bikas Chandra & Chatterjee Dipak, Mathematics, 2019